La televisión
Guardat en:
| Autor principal: | |
|---|---|
| Format: | Llibre |
| Idioma: | espanyol |
| Publicat: |
Barcelona
Anagrama
1999
|
| Edició: | 1a. ed |
| Col·lecció: | Panorama de Narrativas, 426
|
| Matèries: | |
| Etiquetes: |
Afegir etiqueta
Sense etiquetes, Sigues el primer a etiquetar aquest registre!
|
MARC
| LEADER | 00000cam a2200000 a 4500 | ||
|---|---|---|---|
| 001 | UCF9089 | ||
| 003 | CL-VaPUC | ||
| 008 | 131025e19990000sp |||||||||||||||||spa|d | ||
| 020 | |a 8433908960 | ||
| 082 | 0 | 4 | |a 843 |b TOU |2 21 |
| 100 | 0 | |a Toussaint, Jean-Philippe |e author |9 571284 | |
| 245 | 1 | 3 | |a La televisión |
| 250 | |a 1a. ed | ||
| 300 | |a 191 p | ||
| 942 | |c BK | ||
| 945 | |d 20131025 12:28:00 |a cmena | ||
| 260 | |a Barcelona |b Anagrama |c 1999 | ||
| 650 | 7 | |a NOVELAS BELGAS |2 CL-VaPUC |9 339608 | |
| 650 | 0 | |a Literatura belga |9 349579 | |
| 583 | |a last modification |c 20131025 12:28:00 |k Rodrigo Vera | ||
| 490 | 0 | |a Panorama de Narrativas, 426 | |
| 999 | |c 353574 |d 353572 | ||
| 952 | |0 0 |1 0 |3 erb |4 0 |6 843_000000000000000_TOU_1999 |7 0 |8 A |9 458907 |a BIBEDU |b BIBEDU |d 2019-11-23 |i 502305K |o 843 TOU 1999 |p 502305K |r 2019-11-23 |w 2019-11-23 |y BK |z Catalogado en:20131025 |k LIT | ||